| 000 | 00798nam a2200229 4500 | ||
|---|---|---|---|
| 003 | OSt | ||
| 005 | 20240717053353.0 | ||
| 006 | a | ||
| 008 | 240717b |||||||| |||| 00| 0 eng d | ||
| 020 | _a9780691118659 | ||
| 040 |
_aDWCL-Main lib. _cOC |
||
| 082 | _aCirc. 531.11 Ein35c 2006 | ||
| 100 | _aEisenstaedt, Jean | ||
| 245 | _aThe curious history of relativity : how Einstein’s theory of gravity was lost and found again / | ||
| 260 |
_aPrinceton, N.J. : _bPrinceton University Press, _cc2006. |
||
| 300 |
_aix, _b363 p. : ill, ; maps,ports, faesims. ; _c24 cm. |
||
| 504 | _aIncludes bibliographical references & index. | ||
| 650 | _a1. Einstein, Albert, 1879-1955. | ||
| 650 | _a2. General relativity {Physics}. | ||
| 650 | _a3. Space and time. | ||
| 942 |
_2ddc _n0 _cBK-CIRC _kCirc. |
||
| 999 |
_c2312 _d2312 |
||